Case Western Reserve Journal of International Law

Detalles Bibliográficos
Formato: eBook
Lenguaje:inglés
Publicado: Cleveland: Case Western Reserve University School of Law, 2007 -
Materias:
Acceso en línea:Acceso restringido

MARC

LEADER 00000nam a22000007a 4500
005 20190926132417.0
007 cr|||| ||||
008 190926c20079999us tr|w s|||| 0|||b1eng d
022 |a 0008-7254 
035 |a 5622 
040 |a vLex 
090 |c 9644  |d 9644 
245 0 0 |a Case Western Reserve Journal of International Law  |h [Recurso electrn̤ico] / 
256 |a Servicio en ln̕ea 
260 |a Cleveland:  |b Case Western Reserve University School of Law,  |c 2007 - 
300 |a 1 recurso electrn̤ico 
310 |a Cuatrimestral 
506 1 |a Disponible solo en los productos indicados  |d vLex Global  |d vLex Global (Academic Edition, excluding Law Schools)  |d vLex Global (Academic Edition, Law Schools) 
650 0 4 |a Derecho Internacional  |z Estados Unidos 
740 0 |a vLex Revistas (Servicio en ln̕ea) 
856 4 0 |u http://vlex.com/source/case-western-reserve-journal-international-law-5622  |z Acceso restringido 
942 |c REV 
999 0 |a International right